| 000 | 00526nam a2200193Ia 4500 | ||
|---|---|---|---|
| 001 | 48910 | ||
| 008 | 140430s9999 xx 000 0 und d | ||
| 020 | _a9789694944883 | ||
| 040 | _cPK-LaUMT | ||
| 082 |
_a 294 _bVIQ-R |
||
| 100 | _aViqar Zaman | ||
| 245 |
_aReligions of South Asia _bunity in diversity _cViqar Zaman<>Gul Afroz Zaman |
||
| 260 |
_aKarachi,Pakistan: _bParamount Publishing Enterprise, _c2007 |
||
| 300 | _a118 p. | ||
| 546 | _aEN | ||
| 650 | _aIndic religions | ||
| 700 | _aGul Afroz Zaman | ||
| 942 | _cBK | ||
| 999 |
_c46699 _d46699 |
||